| 000 | 00892cab a2200253 4500 | ||
|---|---|---|---|
| 001 | WB3411-47 | ||
| 008 | 090401t1998 xxu||||| |||| 00| 0 eng d | ||
| 035 | _a(Sirsi) u85086 | ||
| 041 | _aeng | ||
| 245 | _aBattles ahead | ||
| 260 | _c1998 | ||
| 350 | _a0 | ||
| 490 |
_aFinancial Times _v19 March 1998, 2(2) |
||
| 520 | _aBrussels` plans to tighten the rules on CAP and regional aid will test the strength of the 15 member states to the limit and could give some indication of the outcome of the EU`s planned enlargement to the former communist countries. "Agenda 2000: the legislative proposals" (IP/98/258) (http://europa.eu.int/rapid/) | ||
| 650 | _aAGENDA 2000 | ||
| 650 | _aCAP REFORM | ||
| 650 | _aEASTERN EUROPE | ||
| 650 | _aENLARGEMENT | ||
| 650 | _aEUROPEAN COMMISSION | ||
| 650 | _aREGIONAL AID | ||
| 690 | _aOVERSEAS-EUROPE | ||
| 942 | _n0 | ||
| 948 | _c19/03/1998 | ||
| 999 |
_c53500 _d53500 |
||